Palabras y frases para aprender la lengua N+pode : comunidad Uitoto /
Gorde:
| Egile nagusia: | |
|---|---|
| Beste egile batzuk: | , , , , |
| Formatua: | eBook |
| Hizkuntza: | gaztelania |
| Argitaratua: |
Tolima :
Sello Editorial Universidad del Tolima,
2024.
|
| Gaiak: | |
| Sarrera elektronikoa: | https://elibro.unach.elogim.com/es/lc/unach/titulos/291954 |
| Etiketak: |
Etiketa erantsi
Etiketarik gabe, Izan zaitez lehena erregistro honi etiketa jartzen!
|
MARC
| LEADER | 00000nam a2200000 i 4500 | ||
|---|---|---|---|
| 001 | ELB291954 | ||
| 003 | FINmELB | ||
| 005 | 20260223142500.5 | ||
| 006 | m o d | | ||
| 007 | cr cnu|||||||| | ||
| 008 | 260223s2024 ck a ob 001 0 spa d | ||
| 020 | |a 9789585090866 |q (e-book) | ||
| 020 | |a 9789585090880 |q (print) | ||
| 035 | |a (OCoLC)1574227372 | ||
| 040 | |a FINmELB |b spa |e rda |c FINmELB | ||
| 050 | 4 | |a PM5191 |b F438 2024 | |
| 080 | |a 811.84/.88(861) | ||
| 082 | 0 | 4 | |a 498.09861 |2 23 |
| 100 | 1 | |a Fiagama Suárez, Emilio, |e autor. | |
| 245 | 1 | 0 | |a Palabras y frases para aprender la lengua N+pode : |b comunidad Uitoto / |c Emilio Fiagama Suárez, Julián David Mejía Vargas, Girley Collazos Alvarez, Julieth Andrea Zapata Ortiz, Dilan Andrés Anturi Henao, María Victoria Collazos Escobar, William Parra Fajardo, Flor Angela Buitrago Escobar, William Felipe Wilches Caicedo, Mabel Elena Bohórquez Lozano, Maria Magdalena Echeverry de Polanco, Angel Alexandro Criollo Rayo, Andrea Catalina Rubio Vargas, Fabián Leonardo Castro Valencia, Daniel Fernando Molina Campos. |
| 264 | 1 | |a Tolima : |b Sello Editorial Universidad del Tolima, |c 2024. | |
| 300 | |a 1 recurso en línea (131 páginas) : |b ilustraciones | ||
| 336 | |a texto |b txt |2 rdacontent/spa | ||
| 337 | |a computadora |b c |2 rdamedia/spa | ||
| 338 | |a recurso en línea |b cr |2 rdacarrier/spa | ||
| 500 | |a incluye índice. | ||
| 504 | |a incluye referencias bibliográficas. | ||
| 588 | |a Descripción basada en metadatos suministrados por el editor y otras fuentes. | ||
| 590 | |a Recurso electrónico. Santa Fe, Arg.: elibro, 2026. Disponible vía World Wide Web. El acceso puede estar limitado para las bibliotecas afiliadas a elibro. | ||
| 650 | 4 | |a Aprendizaje de idiomas. | |
| 650 | 4 | |a Educación lingüística indígena. | |
| 650 | 4 | |a Lengua N+pode (Uitoto) | |
| 650 | 4 | |a Lenguas indígenas. | |
| 655 | 4 | |a Libros electrónicos. | |
| 700 | 1 | |a Mejía Vargas, Julián David, |e autor. | |
| 700 | 1 | |a Collazos Alvarez, Girley, |e autora. | |
| 700 | 1 | |a Zapata-Ortiz, Julieth, |e autora. | |
| 700 | 1 | |a Anturi Henao, Dilan Andrés, |e autor. | |
| 700 | 1 | |a Collazos Escobar, María Victoria, |e autora. | |
| 797 | 2 | |a elibro, Corp. | |
| 856 | 4 | 0 | |u https://elibro.unach.elogim.com/es/lc/unach/titulos/291954 |